Phê phán lý tính thuần tuý = Kritik der reinen vernunft

Lịch sử về sự ra đời của tác phẩm triết học cổ điển Đức " Phê phán lý tính thuần tuý" của: I. Kant. Nội dung tác phẩm: học thuết siêu nghiệm về các yếu tố cơ bản của nhận thức trong đó đi sâu vào phân tích cảm năng học siêu nghiệm, khảo sát siêu hình học về không gian, thời gian, lô gíc họ...

Description complète

Enregistré dans:
Détails bibliographiques
Auteur principal: Kant, Immanuel
Autres auteurs: Bùi Văn Nam Sơn (dịch , chú giải)
Format: Livre
Langue:Vietnamese
Publié: H. Văn học 2004
Collection:Tủ sách Nghiên cứu
Sujets:
Tags: Ajouter un tag
Pas de tags, Soyez le premier à ajouter un tag!
Thư viện lưu trữ: Mạng thư viện Đại học Đà Nẵng
LEADER 01779nam a22003978a 4500
001 000006079
003 2233
005 20120321150309.0
008 110831s2004 viesd
020 |c 220000đ  |d 700b 
041 |a vie 
082 |a 193  |b KAN 
084 |a Y3(4Đc)5-563 
084 |b PH250P 
100 1 |a Kant, Immanuel 
245 |a Phê phán lý tính thuần tuý  |b = Kritik der reinen vernunft  |c Immanuel Kant ; Bùi Văn Nam Sơn dịch, chú giải 
260 |a H.  |b Văn học  |c 2004 
300 |a 1261tr.  |c 24cm 
490 |a Tủ sách Nghiên cứu 
520 |a Lịch sử về sự ra đời của tác phẩm triết học cổ điển Đức " Phê phán lý tính thuần tuý" của: I. Kant. Nội dung tác phẩm: học thuết siêu nghiệm về các yếu tố cơ bản của nhận thức trong đó đi sâu vào phân tích cảm năng học siêu nghiệm, khảo sát siêu hình học về không gian, thời gian, lô gíc học siêu nghiệm, ngoài ra còn đi sâu vào phân tích học thuyết siêu nghiệm về phương pháp 
650 7 |2 Bộ TKTVQG  |a Triết học 
651 7 |2 Bộ TKTVQG  |a Đức 
653 |a Học thuyết siêu nghiệm 
653 |a Siêu hình học 
655 7 |2 Bộ TK TVQG 
700 0 |a Bùi Văn Nam Sơn  |e dịch , chú giải 
OWN |a LSP 
AVA |a UDN50  |b LSP  |d 193 KAN  |e available  |t Error 5001 Not defined in file expand_doc_bib_avail.  |f 3  |g 0  |h N  |i 0  |k 1 
999 |a From the UDN01 
AVA |a UDN50  |b LSP  |d 193 KAN  |e available  |t Error 5001 Not defined in file expand_doc_bib_avail.  |f 3  |g 0  |h N  |i 0  |k 1 
TYP |a Monograph 
TYP |a Printed language 
980 |a Mạng thư viện Đại học Đà Nẵng